The Umbrella Academy - Trivia Quiz - Statistics

General Stats
  • This quiz has been taken 1,171 times
  • The average score is 6 of 10
Answer Stats
Question Answer % Correct
How many children were actually born on the 1st October 1989? 43
87%
Which eye does Leonard lose? His {Right}
83%
Before Dave, Klaus states his longest relationship lasted how many weeks? 3
82%
What colour are the polka dots on Dolores' blouse? Black
70%
How old is Five when he appears in the first episode? 58
68%
What is the name of Allison's daughter? Claire
62%
What does Klaus throw into Fives temporal anomaly in the first episode? A fire extinguisher
54%
What is the title of Vanyas book? Extra Ordinary
36%
What snack would Vanya leave out for Five after he disappeared? Peanut butter and marshmallow sandwich
27%
What does Vanya teach Leonard to play in under an hour? Frère Jacques
7%
No matching quizzes found
Score Distribution
Percent of People with Each Score
Percentile by Number Answered
Your Score History
You have not taken this quiz